| 000 | 00668cam a2200217 a 4500 | ||
|---|---|---|---|
| 020 | _a0821372939 | ||
| 020 | _a9780821372937 | ||
| 020 | _a9780821372944 (eISBN) | ||
| 020 | _a0821372947 (eISBN) | ||
| 040 | _cYDXCP | ||
| 082 | _a346 USA 2007 A070 Or. | ||
| 245 | 0 | 0 |
_aCelebrating reform 2007 : _bdoing business case studies. |
| 260 |
_aWashington : _bInternational Finance Corporation : _bWorld Bank : _bUSAID, _c2007. |
||
| 300 |
_a90 p. : _bcol. ill. ; _c27 cm. |
||
| 650 | 0 | _aTrade regulation | |
| 650 | 0 | _aCommercial law | |
| 650 | 0 | _aEconomic development projects | |
| 650 | 0 | _aIndustrial laws and legislation | |
| 710 | 2 | _aWorld Bank Group. | |
| 942 | _cEK | ||
| 999 |
_c14838 _d14838 |
||